Vlákna na báze polyamidov so špecifickými vlastnosťami : Obh. 7.6.1994 /

Uložené v:
Podrobná bibliografia
Hlavný autor: Staníková, Helena (Autor)
Médium: Rukopis Kniha
Jazyk:Slovak
Vydavateľské údaje: Bratislava : STU v Bratislave ChtF, 1994
Tagy: Pridať tag
Žiadne tagy, Buďte prvý, kto otaguje tento záznam!

MARC

LEADER 00000ntm a22000003a 4500
001 stu22682
005 20150617225751.0
008 940712s1994----cs------------------slo-d
040 |a STU  |b slo 
041 0 |a slo 
044 |a cs 
100 1 |a Staníková, Helena  |4 aut 
245 1 |a Vlákna na báze polyamidov so špecifickými vlastnosťami :  |b Obh. 7.6.1994 /  |c [aut.]Staníková,Helena 
260 |a Bratislava :  |b STU v Bratislave ChtF,  |c 1994 
300 |a 64 s :  |b Obr.,tab.,grafy,lit 
500 |a Špec.:Chemické vlákna a textil 
996 |b CD11791  |c C*D11791  |l CCI  |s A  |a 24  |w stu22682_0001